| 000 | 00852nam a2200217 i 4500 | ||
|---|---|---|---|
| 001 | 170198 | ||
| 003 | ES-MaACL | ||
| 005 | 20250824031328.0 | ||
| 008 | 090211s1913 fr |||| | fre d | ||
| 080 | _a821.133.1-2(44)"17" | ||
| 080 | _a792(44)"17" | ||
| 100 | 1 |
_aEstrée, Paul d'. _9139416 |
|
| 245 | 1 | 3 |
_aLe théâtre sous la terreur : _b(Théâtre de la Peur), 1793-1794 : d'après des publications récentes et d'après les documents révolutionnaires du temps imprimés ou inédits / _cpar Paul d'Estrée. |
| 260 |
_aParis : _bÉmile-Paul Frères, _c1913. |
||
| 300 |
_aIX, 523 p. ; _c23 cm. |
||
| 500 | _aÍndice. | ||
| 650 | 4 |
_aTeatro francés- _yS.XVIII- _xHistoria y crítica. _9174694 |
|
| 650 | 4 |
_aTeatro- _zFrancia- _yS.XVIII _917309 |
|
| 852 | 4 |
_aES-MaACL _jE-12442 _z- Biblioteca Jacinto Martínez Lacalle |
|
| 999 |
_c170198 _d170198 |
||